Cities of Seven Hills - Statistics

General Stats
  • This quiz has been taken 15 times
  • The average score is 11 of 15
Answer Stats
Country City % Correct
Greece Athens
100%
Portugal Lisbon
100%
Italy Rome
100%
Spain Barcelona
92%
Belgium Brussels
92%
Turkey Istanbul
92%
Israel Jerusalem
92%
Russia Moscow
92%
USA (California) San Francisco
92%
USA (Washington) Seattle
85%
United Kingdom Edinburgh
69%
Uganda Kampala
54%
Romania Iaşi
15%
Germany Bamberg
8%
India Tirumala
0%
No matching quizzes found
Score Distribution
Percent of People with Each Score
Percentile by Number Answered
Your Score History
You have not taken this quiz